000 01115nam a2200229Ia 4500
001 17055
005 20260327161831.0
008 260306t2015||||xx |||||||||||||| ||und||
041 _aESP
082 _a657.45
_bA64 T. 1
100 _aApaza Meza, Mario
_eAUT
245 0 _aAuditoría financiera basada en las normas internacionales de auditoria conforme a las NIIF T. I
260 _c2015
300 _a601 páginas :
_c25 cm.
650 _aGEN
654 _aCCO
856 _uhttps://itmsp.museknowledge.com/UCSP?url=https://www.ebooks7-24.com:443/?il=9310&pg=1
_zVéase además: Auditoría y revisoría fiscal: con normas internacionales de auditoría, por Ramiro Gamboa Suárez. Versión digital
856 _uhttps://0u213ue7l-y-https-ebooks7--24-com.itmsp.museknowledge.com/biblioteca.aspx
_zVéase además: Base de datos Ebook7-24
856 _uhttps://legal.legis.com.pe/home/Corporativo
_zVéase además: Base de datos Multilegis
856 _uhttps://0u20fue7p-y-https-research-ebsco-com.itmsp.museknowledge.com/c/qxo6us/search
_zVéase además: Base de datos EBSCOhost
942 _cLIB
_dJUS
_fJUS
_2ddc
999 _c17055
_d17055